Torschützenliste der Fußball-Bundesliga 2020-2021 - Statistiken

Allgemein
  • Dieses Quiz wurde 96 mal gespielt
  • Das Durchschnittsergebnis liegt bei 9 aus 11
Antwortstatistiken
Tore Nationalität Verein Spieler % Korrekt
27 Norwegen Borussia Dortmund Erling Haaland
100%
41 Polen FC Bayern München Robert Lewandowski
100%
20 Kroatien TSG 1899 Hoffenheim Andrej Kramarić
94%
20 Niederlande VfL Wolfsburg Wout Weghorst
93%
28 Portugal Eintracht Frankfurt André Silva
91%
11 Deutschalnd FC Bayern München Thomas Müller
85%
11 Demokratische Republik Kongo VfB Stuttgart Silas
77%
14 Deutschalnd Borussia Mönchengladbach Lars Stindl
61%
16 Österreich VfB Stuttgart Saša Kalajdžić
57%
11 Argentine Bayer 04 Leverkusen Lucas Alario
54%
11 Deutschalnd 1. FC Union Berlin Max Kruse
49%
Keine übereinstimmenden Quizze gefunden
Verteilung der Resultate
Anzahl Personen mit jedem Resultat
Perzentil nach korrekt beantworteten Fragen
Ihre Resultats-Entwicklung
Sie haben dieses Quiz noch nicht gespielt